000 00471nam a22001577a 4500
999 _c6994
_d6994
003 GBCCL
005 20241126110617.0
008 180705b ||||| |||| 00| 0 eng d
040 _cGBC
082 _a649
_bREA
245 _aFamily Medical Adviser:
_bAn A-Z guide to everyday ailments, their symptoms, causes and treatment
260 _aLondon:
_bReader's Digest,
_c1983.
300 _a624p.
650 _aMedicine, Popular - Encyclopedia
_vHealth
_912440
942 _2ddc
_cREF